<?xml version="1.0" encoding="UTF-8"?>
<record
    xmlns:xsi="http://www.w3.org/2001/XMLSchema-instance"
    xsi:schemaLocation="http://www.loc.gov/MARC21/slim http://www.loc.gov/standards/marcxml/schema/MARC21slim.xsd"
    xmlns="http://www.loc.gov/MARC21/slim">

  <leader>01122nam a2200193 i 4500</leader>
  <controlfield tag="001">96642</controlfield>
  <controlfield tag="003">ES-MaACL</controlfield>
  <controlfield tag="005">20230906181943.0</controlfield>
  <controlfield tag="007">t|</controlfield>
  <controlfield tag="008">050629s1974    fr           ||||1| fre d</controlfield>
  <datafield tag="100" ind1="1" ind2=" ">
    <subfield code="a">Mallarm&#xE9;, St&#xE9;phane (</subfield>
    <subfield code="d">1842-1898)</subfield>
    <subfield code="9">75791</subfield>
  </datafield>
  <datafield tag="245" ind1="1" ind2="0">
    <subfield code="a">Oeuvres completes / </subfield>
    <subfield code="c">St&#xE9;phane Mallarm&#xE9;; texte &#xE9;tabli et annot&#xE9; par Henri Mondor et G. Jean-Aubry.</subfield>
  </datafield>
  <datafield tag="260" ind1=" " ind2=" ">
    <subfield code="a">Paris : </subfield>
    <subfield code="b">Gallimard, </subfield>
    <subfield code="c">1974.</subfield>
  </datafield>
  <datafield tag="300" ind1=" " ind2=" ">
    <subfield code="a">XXVII, 1659 p. ; </subfield>
    <subfield code="c">18 cm.</subfield>
  </datafield>
  <datafield tag="505" ind1="8" ind2=" ">
    <subfield code="a">Contiene: Po&#xE8;mes d'enfance et de jeunesse-- Po&#xE9;sies-- Vers de circonstance-- Les po&#xE8;mes d'Edgar Poe-- Proses de jeunesse-- Po&#xE8;mes en prose-- Crayonn&#xE9; au th&#xE9;atre-- Variations sur un sujet-- Igitur-- Un coup de d&#xE9;s-- Quelques m&#xE9;daillons et portraits en pied-- Richard Wagner-- Pr&#xE9;face a "Wathek"-- Le "Ten o'clock" de M. Whistler-- Contes indiens-- La musique et les lettres-- Proses diverses-- Les mots anglais-- Th&#xE8;mes anglais-- Les dieux antiques-- L'&#xE9;toile des f&#xE9;es-- Bibliographie-- Iconographie-- Notes et variantes</subfield>
  </datafield>
  <datafield tag="700" ind1="1" ind2=" ">
    <subfield code="a">Mondor, Henri.</subfield>
    <subfield code="9">82149</subfield>
  </datafield>
  <datafield tag="700" ind1="1" ind2=" ">
    <subfield code="a">Jean-Aubry, G.</subfield>
    <subfield code="9">66230</subfield>
  </datafield>
  <datafield tag="852" ind1=" " ind2=" ">
    <subfield code="a">ES-MaACL</subfield>
    <subfield code="j">E-9652 </subfield>
    <subfield code="b">R.94126</subfield>
  </datafield>
  <datafield tag="999" ind1=" " ind2=" ">
    <subfield code="c">96642</subfield>
    <subfield code="d">96642</subfield>
  </datafield>
  <datafield tag="952" ind1=" " ind2=" ">
    <subfield code="0">0</subfield>
    <subfield code="1">0</subfield>
    <subfield code="4">0</subfield>
    <subfield code="7">0</subfield>
    <subfield code="a">ATENEOM</subfield>
    <subfield code="b">ATENEOM</subfield>
    <subfield code="c">DEPO2</subfield>
    <subfield code="d">2008-01-17</subfield>
    <subfield code="e">SC</subfield>
    <subfield code="l">0</subfield>
    <subfield code="o">E-9652</subfield>
    <subfield code="p">1100894</subfield>
    <subfield code="r">2023-02-23 00:00:00</subfield>
    <subfield code="w">2023-02-23</subfield>
    <subfield code="y">MONOGRAFIA</subfield>
  </datafield>
</record>
